000 00615nam a2200217 a 4500
001 53656
003 BD-RjUL
005 20211209080010.0
008 161022s1950 nyua b 001 0 eng
035 _a(BD-RjUL)53778
040 _aDLC
_dBD-RjUL
_beng
_cBD-RjUL
041 _aeng
082 _223
_a621.38835
_bKRA 1950
100 1 _aKraus, John D.,
_9117477
245 1 0 _aAntennas /
_cJohn D. Kraus.
260 _aNew York :
_bTata McGraw-Hill,
_c1950
300 _axii, 553 p. :
_bill. ;
_c22 cm.
504 _aIncludes bibliographies and indexes.
650 0 _aAntennas (Electronics)
_9117478
942 _2ddc
_cBK
999 _c53656
_d53656